Química y Física de los Altos Polímeros y Materias Plásticas / (Record no. 6861)

000 -CABECERA
fixed length control field 00936nam a22001937a 4500
003 - IDENTIFICADOR DEL NÚMERO DE CONTROL
control field AR-CdUCM
008 - DATOS DE LONGITUD FIJA--INFORMACIÓN GENERAL
fixed length control field 190319b ||||| |||| 00| 0 spa d
040 ## - FUENTE DE LA CATALOGACIÓN
Agencia/entidad que catalogó originalmente la obra MUNICIPALIDAD PROVINCIAL DEL CUSCO
Entidad que transcribió la catalogación BIBLIOTECA MUNICIPAL DEL CUSCO
082 ## - NÚMERO DE LA CLASIFICACIÓN DECIMAL DEWEY
No. de Clasificación 541 /
Notacion interna M26
100 ## - ENTRADA PRINCIPAL--NOMBRE DE PERSONA
Nombre Personal Matínez de las Marías, P.
245 ## - MENCIÓN DE TÍTULO
Título Química y Física de los Altos Polímeros y Materias Plásticas /
260 ## - PUBLICACIÓN, DISTRIBUCIÓN, ETC.
Lugar de publicación, distribución, etc. España :
Nombre de la editorial, distribuidor, etc. Alhambra ;
Fecha de publicación, distribución, etc. 1972.
300 ## - DESCRIPCIÓN FÍSICA
Nº de Páginas Extensión 296 páginas ;
Otros detalles físicos Diagramas, fórmulas, ilustraciones, tablas
Dimensiones 20cm
440 ## - MENCIÓN DE SERIE/PUNTO DE ACCESO ADICIONAL--TÍTULO
Título Colección Exedra - Ciencia Técnica Ingeniería
Número de la parte/sección de una obra 80
9 (RLIN) 19334
505 ## - NOTA DE CONTENIDO CON FORMATO
Nota de contenido formateada Contenido: Los altos polímeros naturales y semisintéticos I -- Los altos polímeros naturales y semisintéticos II -- Los altos polímeros naturales y semisintéticos III -- Los altos polímeros sintéticos I -- Los altos polímeros sintéticos II...
650 ## - PUNTO DE ACCESO ADICIONAL DE MATERIA--TÉRMINO DE MATERIA
Descriptor Físico-química
9 (RLIN) 19267
942 ## - ELEMENTOS DE PUNTO DE ACCESO ADICIONAL (KOHA)
Fuente de clasificación
Tipo de item Libros-BMC
945 ## - PROCESAMIENTO DE INFORMACIÓN LOCAL (OCLC)
Catalogador nom
Holdings
Estado de retiro (separado) Fuente de clasificación o esquema de estanterías Estado dañado Ubicación Sala donde se ubica Nombre de la colección Fecha de adquisición o compra Costo, precio normal en soles Signatura topográfica Código de Barras Última vez visto (Koha) Tipo de ítem (Koha)
No     Sala Ciencias Sala Ciencias Book Cart 2019-03-19 50.00 541 / M26 SC0000000201 2019-03-19 Libros-BMC

Powered by Koha